000 00429nam a2200157Ia 4500
008 230312s9999||||xx |||||||||||||| ||und||
020 _a1-58542-255-x
082 _a629.4553072
_bZUB-M
100 _aZubrin Robert
245 0 _aMARS ON EARTH
260 _bPenguin Group Inc.
_aNew York
_c2003
300 _a351
546 _aEng.
650 _aEngineering
_vChallenge of Mars , Enter Mars Society , Devon Island .
942 _cBK
999 _c1203
_d1203